| 000 | 01111cam a2200313Ia 4500 | ||
|---|---|---|---|
| 008 | |||
| 020 | _a0750615575 (hbk.) | ||
| 049 | 0 | _aMAIN | |
| 090 |
_aREF T55.3.H3 _bBRE |
||
| 100 | 1 | _aBretherick, L. | |
| 245 |
_aHandbook of reactive chemical hazards / _cedited by P.G. Urben. |
||
| 245 | 1 | 0 |
_aBretherick's handbook of reactive chemical hazards : _ban indexed guide to published data / _cedited by P.G. Urben ; compilers, M.J. Pitt, L.A. Battle. |
| 250 | _a5th ed. | ||
| 260 |
_aOxford : _bButterworth-Heinemann, _c1995. |
||
| 300 |
_a2 v. : _bill. ; _c24 cm. |
||
| 504 | _aIncludes bibliographical references. | ||
| 500 | _aIncludes index. | ||
| 650 | 0 |
_aHazardous substances _xHandbooks, manuals, etc. |
|
| 650 | 0 |
_aChemicals _xSafety measures _xHandbooks, manuals, etc. |
|
| 700 | 1 | _aUrben, P.G. | |
| 700 | 1 | _aPitt, Martin J. | |
| 700 | 1 | _aBattle, L.A. | |
| 730 | _aHandbook of reactive chemical hazards. | ||
| 907 |
_a.b10171174 _b13-09-12 _c15-08-05 |
||
| 003 | |||
| 005 | 20230120191424.0 | ||
| 040 | _cNUST | ||
| 942 |
_cBOOKS _kREF T55.3.H3 _mBRE |
||
| 999 |
_c100852 _d100852 |
||